Biblioteca

Las mujeres en la historia de Colombia. Tomo I: Mujeres, historia y política / Magdala Velásquez Toro, Dirección académica, Consejería Presidencial para la Política Social (Registro nro. 32699)

Detalles MARC
000 -LÍDER
Campo fijo de descripción fija 015290000a22002050004500
020 ## - NÚMERO INTERNACIONAL NORMALIZADO PARA LIBROS
Número Internacional Normalizado del libro 958-04-2981-2
041 0# - CÓDIGO DE IDIOMA
Código de idioma para texto/pista de sonido o título separado
082 04 - NÚMERO DE CLASIFICACIÓN DECIMAL DEWEY
Número de clasificación G 179 V444m
001 - NÚMERO DE CONTROL
Campo de control 1376
245 10 - TÍTULO
Título del Material Las mujeres en la historia de Colombia. Tomo I: Mujeres, historia y política / Magdala Velásquez Toro, Dirección académica, Consejería Presidencial para la Política Social
260 ## - PUBLICACIÓN, DISTRIBUCIÓN, ETC. (PIE DE IMPRENTA)
Lugar de publicación, distribución, etc. Bogotá, Colombia : Norma
300 ## - DESCRIPCIÓN FÍSICA
Extensión XXV, 455 Pag.
336 ## - CONTENT TYPE
Content type term texto
Content type code txt
Source rdacontent
337 ## - MEDIA TYPE
Source rdamedia
Media type term sin mediación
Media type code n
338 ## - CARRIER TYPE
Source rdacarrier
Carrier type term volumen
Carrier type code nc
505 00 - NOTA DE CONTENIDO
Nota de contenido con formato preestablecido las mujeres en las sociedades prehispánicas -- las mujeres castellanas de los siglos XV y XVI y su presencia en América -- las mujeres en la ilustración -- las mujeres en la independencia -- Soledad Acosta de Samper -- Policarpa Salavarrieta -- María Cano -- aspectos de la condición jurídica de las mujeres -- le república liberal y la lucha por los derechos civiles y políticos de las mujeres -- proceso histórico y derecho de las mujeres, 50 y60 -- movimientos de mujeres en los años 60 y 70 -- las mujeres hoy -- la coyuntura de los 80 años -- mujeres y vinculación laboral en Colombia -- mujeres y espacios políticos -- mujeres y violencia -- estereotipos sobre la feminidad -- el movimiento social de las mujeres -- las mujeres y la salud -- condición jurídica de las mujeres -- el estado y las mujeres
650 14 - ASIENTO SECUNDARIO DE MATERIA - TERMINO TEMÁTICO
Término temático o nombre geográfico como elemento de entrada MUJERES - COLOMBIA - HISTORIA \ MUJERES EN LA POLITICA - COLOMBIA - HISTORIA
942 ## - TIPO DE MATERIAL (KOHA)
Tipo de Item KOHA Libros General
Existencias
Estado de Material Estado de Perdido Estado de Dañado No para Préstamo Colección Tomo Biblioteca de Origen Biblioteca Permanente Fecha de Adquisición Total de Préstamos Signatura Topográfica Código de Barras Última vez visto Última vez Préstado Ejemplar/Existencia Fecha de Remplazo Tipo de Material
        Colección General 1 Biblioteca FUSBC Biblioteca FUSBC 14/10/2004 2 G 179 V444m 839 29/05/2025 27/05/2025 1 26/01/2016 Libros General

Biblioteca FUSBC | Teléfono: (57+4) 349 88 10 Ext. 141| WhatsApp (+57) 3005338115 
E-mail: biblioteca@unisbc.edu.co | Calle 76 87-14 Robledo Palenque, Medellín, Colombia

Con tecnología Koha